000 00442nam a2200169Ia 4500
008 230718s9999 xx 000 0 und d
041 _aeng
082 _a621.37
_bBAK
100 _aBakshi U.A.
245 _aBasic Electrical Engineering (Sem - I)
250 _a5th ed..
260 _bTechnical Publications
300 _a650
365 _cRs.
_b350.00
700 _aBakshi U.A. & Bakshi V.
906 _dB:451020-Aug-2008
_cALLEDS
_b52.5
999 _c319162
_d319162